000 00220nam a2200097Ia 4500
008 190216s9999||||xx |||||||||||||| ||und||
100 _aLorence C A
245 0 _aSasya Sasthram
260 _bKerala Basha Inst
942 _cBK
999 _c37661
_d37661